Um sorriso nas asas da memóriano pórtico da Glória, evocação de Serafín Moralejo, já na outra margem (Record no. 447569)

000 -CABECERA
Campo de control de longitud fija 00551nab a2200133 4500
003 - IDENTIFICADOR DEL NÚMERO DE CONTROL
Campo de control ES-SlBC
005 - FECHA Y HORA DE LA ÚLTIMA TRANSACCIÓN
Campo de control 20210327223950.0
008 - CÓDIGOS DE INFORMACIÓN DE LONGITUD FIJA
Campo de control de longitud fija 131002s2013 sp ||||| |||| 00| 0 spa d
040 ## - FUENTE DE LA CATALOGACIÓN
Centro catalogador del origen ES-SlBC
Lengua de catalogación spa
100 1# - PUNTO DE ACCESO PRINCIPAL-NOMBRE DE PERSONA
Nombre de persona Nascimiento, Aires A.
9 (RLIN) 13211
245 13 - MENCIÓN DE TÍTULO
Título Um sorriso nas asas da memóriano pórtico da Glória, evocação de Serafín Moralejo, já na outra margem
Mención de responsabilidad, etc. Aires A. Nascimiento
773 0# - ENLACE AL DOCUMENTO FUENTE
Parte(s) relacionada(s) Vol. 58, Nº. 1-2, 2013 , págs. 69-79
Título Compostellanum: Revista de la Archidiócesis de Santiago de Compostela,
Número de control del registro relacionado Rev130
Número Internacional Normalizado para Publicaciones Seriadas (ISSN) 0573-2018
942 ## - ENTRADA DE ELEMENTOS AGREGADOS (KOHA)
Fuente de clasificaión o esquema
Koha [por defecto] tipo de item Artículos de revista
Holdings
Suprimido Perdido Fuente de clasificación o esquema Estropeado No para préstamo Localización permanente Localización actual Localización en estantería Fecha adquisición Préstamos totales Fecha última consulta Fecha del precio de reemplazo Tipo de item de Koha
          San Esteban San Esteban Depósito de revistas 02/10/2013   02/10/2013 02/10/2013 Artículos de revista

Bibliotecas Dominicos Provincia Hispania, 2016

Con tecnología Koha